000 00447nam a2200181Ia 4500
001 2738
005 20260306144829.0
008 260306t1997||||xx |||||||||||||| ||spa||
041 _aESP
082 _a220.6
_bM84
100 _aMonforte, Josemaría
_eAUT
245 0 _aConocer la biblia:
_biniciación a la sagrada familia
260 _c1997
300 _a174 páginas :
_c20 cm.
650 _aGEN
654 _aCHU
942 _cLIB
_dJUS
_fJUS
_2ddc
_n
999 _c2738
_d2738